000 00466nam a2200193Ia 4500
005 20250326141523.0
008 250326s9999 xx 000 0 und d
037 _aTextbook
040 _aFMSL
_beng
_cFMSL
041 _aeng
_2eng
084 _qFMSL
100 _aLee Sang M
245 0 _aManagement Science
_cLee Sang M
250 _a3rd
260 _aBoston
_bBoston, Allyn & Bacon
_c1990
300 _a927p
942 _cTB
999 _c1290688
_d1290688